| 000 | 00653nam a22001937a 4500 | ||
|---|---|---|---|
| 005 | 20100813122953.0 | ||
| 010 | _aENG-99887 | ||
| 020 |
_a9788128825187 _c100.00 |
||
| 035 | _aEN-83419 | ||
| 037 | _bDBAD/PUB | ||
| 082 | _aN | ||
| 100 |
_aDebasish, Soumyashri _912487 |
||
| 245 |
_aLove, pride, paradox and prophecy / _cby Soumyashri Debasish |
||
| 260 |
_aNew Delhi _bDiamond Pocket Books _c2010 |
||
| 270 |
_aX-30, Okhla Industrial Area, Phase-II _bNew Delhi _e110020 |
||
| 300 |
_a223p. _c19cm (pbk) |
||
| 942 |
_2ddc _cEN _hN _mDEB |
||
| 999 |
_c41575 _d41575 |
||